| 000 | 00232nam a22000857a 4500 | ||
|---|---|---|---|
| 999 |
_c17395 _d17395 |
||
| 003 | Nust | ||
| 005 | 20170407131957.0 | ||
| 008 | 150917t xxu||||| |||| 00| 0 eng d | ||
| 020 | _681-7754-322-9 | ||
| 040 | _cASAB | ||
| 082 | _a633 | ||
| 100 |
_aS. saraswathy _91206 |
||
| 245 |
_aPostharvest management of horticultural crops _cby S. Saraswathy |
||
| 260 |
_aIndia _bAgrobios _c2008 |
||
| 300 | _a543 P | ||
| 942 |
_2ddc _cBK |
||